| 000 | 00772nam a22001815i 4500 | ||
|---|---|---|---|
| 001 | 166758 | ||
| 003 | ES-MaACL | ||
| 005 | 20230906213409.0 | ||
| 008 | 980828s1871 sp |||| | spa d | ||
| 080 | _a347.634/.637(460) | ||
| 100 | 1 |
_aUcelay, Enrique. _9133434 |
|
| 245 | 1 | 3 |
_aLa patria potestad otorgada a la madre según la ley del matrimonio civil y las decisiones de los tribunales / _cpor Enrique Ucelay. |
| 260 |
_aMadrid : _b[s.n.], _c1871 ( _fEstab. Tip. de Julián Peña) |
||
| 300 |
_a70 p. ; _c22 cm. |
||
| 650 | 4 |
_aPatria potestad. _9136668 |
|
| 852 | 4 |
_aES-MaACL _jT-122-F-1 _z- Enc. hol., falto de la enc. original _z- Enc. en un vol. facticio |
|
| 852 | 4 |
_aES-MaACL _jT-158-F-2 _z- Enc. hol., falto de la enc. original _z- Enc. en un vol. facticio |
|
| 999 |
_c166758 _d166758 |
||